000 00419nam a22001697a 4500
003 MPLRDC
005 20220104114523.0
008 210129b ||||| |||| 00| 0 eng d
082 _a857.7 WJR v.1
100 _a吴趼人
245 _a二十年目睹之怪现状. 上
_c
250 _a一版一刷
260 _a
_b人民文学出版社
_c1978
300 _b
650 _a长篇小说
942 _cBK
_o857.7 WJR v.1
999 _c8123
_d8113